Calidad de la escuela, estatus económico y deserción escolar de los adolescentes mexicanos (Record no. 186892)
[ view plain ]
| 000 -CABECERA | |
|---|---|
| campo de control de longitud fija | 01962cab a2200301 ab4500 |
| 005 - FECHA Y HORA DE LA ÚLTIMA TRANSACCIÓN | |
| campo de control | 20240420064103.0 |
| 008 - ELEMENTOS DE LONGITUD FIJA--INFORMACIÓN GENERAL | |
| campo de control de longitud fija | 991125c2016 mx qr p o 000 0 spa d |
| 035 ## - NÚMERO DE CONTROL DEL SISTEMA | |
| Número de control de sistema | UPN01000214792 |
| 040 ## - FUENTE DE LA CATALOGACIÓN | |
| Centro catalogador/agencia de origen | MX-MxUPN |
| Lengua de catalogación | spa |
| Centro/agencia transcriptor | MX-MxUPN |
| Normas de descripción | aacr2 |
| 049 ## - COLECCIÓN | |
| Colección | ART-E |
| 100 1# - ASIENTO PRINCIPAL--NOMBRE PERSONAL | |
| Nombre de persona | Vargas Valle, Eunice Danitza |
| 100 1# - ASIENTO PRINCIPAL--NOMBRE PERSONAL | |
| Filiación | eunice@colef.mx |
| 100 1# - ASIENTO PRINCIPAL--NOMBRE PERSONAL | |
| Nombre de persona | Valadez García, Alfredo |
| 100 1# - ASIENTO PRINCIPAL--NOMBRE PERSONAL | |
| Filiación | alfredov@colef.mx |
| 245 10 - MENCIÓN DE TÍTULO | |
| Título | Calidad de la escuela, estatus económico y deserción escolar de los adolescentes mexicanos |
| Medio | [recurso electrónico en línea] |
| 506 0# - NOTA DE RESTRICCIONES AL ACCESO | |
| Limitaciones de acceso | Acceso abierto |
| 520 3# - NOTA DE RESUMEN, ETC. | |
| Sumario, etc. | El objetivo de este artículo es analizar la asociación entre la deserción escolar y la calidad percibida de la última escuela a la que asistieron los adolescentes mexicanos, así como examinar la interacción entre este factor educativo y el estatus económico de esta población. Basándonos en la Encuesta Nacional de la Juventud 2010, usamos la tabla de vida para describir esta asociación y modelos de regresión de Cox para analizarla incluyendo co-variables individuales, familiares y escolares. Los resultados indicaron que el riesgo de salir de la escuela se asocia indirectamente tanto con la calidad escolar como el estatus económico de los adolescentes, siendo mayor la asociación con esta última variable, y que las brechas en el riesgo de deserción según la calidad escolar son ligeramente más amplias entre los adolescentes de bajo estatus económico que entre los de estatus alto. REDIE |
| 650 #4 - ASIENTO SECUNDARIO DE MATERIA - TERMINO TEMATICO | |
| 9 (RLIN) | 6083 |
| Término de materia o nombre geográfico como elemento de entrada | Deserción escolar |
| 650 #4 - ASIENTO SECUNDARIO DE MATERIA - TERMINO TEMATICO | |
| Término de materia o nombre geográfico como elemento de entrada | Calidad de la educación |
| 9 (RLIN) | 4684 |
| 653 0# - TERMINO DE INDIZACION - NO CONTROLADO | |
| Término no controlado | Estatus socioeconómico |
| 653 0# - TERMINO DE INDIZACION - NO CONTROLADO | |
| Término no controlado | Condición social |
| 653 0# - TERMINO DE INDIZACION - NO CONTROLADO | |
| Término no controlado | Escuelas desfavorecidas |
| 773 ## - ENLACE AL DOCUMENTO FUENTE/ENTRADA DE REGISTRO ANFITRIÓN | |
| Parte(s) relacionada(s) | Vol. 18, no. 1 (2016), p. 82-97 |
| Título | REDIE : revista electrónica de investigación educativa |
| Número Internacional Normalizado para Publicaciones Seriadas | 1607-4041 |
| 856 4# - LOCALIZACIÓN Y ACCESO ELECTRÓNICOS | |
| Identificador Uniforme del Recurso | <a href="http://redie.uabc.mx/redie/article/view/713/1339">http://redie.uabc.mx/redie/article/view/713/1339</a> |
| 902 ## - ELEMENTOS DE DATOS B LOCAL, LDB (RLIN) | |
| Modificó | Leonor Sotres/210823 |
| 905 ## - TIPO DE MATERIAL | |
| Tipo de material | Articulo |
| 942 ## - ELEMENTOS DE PUNTO DE ACCESO ADICIONAL (KOHA) | |
| Tipo de ítem Koha | Artículo Electrónico |
| Estado de retiro | Estado de pérdida | Estado dañado | No para préstamo | Código de colección | Localización permanente | Ubicación/localización actual | Ubicación en estantería | Fecha de adquisición | Total de préstamos | Fecha visto por última vez | Identificador Uniforme del Recurso | Precio válido a partir de | Tipo de ítem Koha |
|---|---|---|---|---|---|---|---|---|---|---|---|---|---|
| Acceso abierto | Bib. Gregorio Torres Quintero | Bib. Gregorio Torres Quintero | En línea | 21/08/2023 | 21/08/2023 | http://redie.uabc.mx/redie/article/view/713/1339 | 21/08/2023 | Artículo Electrónico |
